| 000 | 00536cam a2200205ua 4500 | ||
|---|---|---|---|
| 001 | 9995 | ||
| 005 | 20260515114542.0 | ||
| 008 | 170314n ii |||gr||||Z||||||eng | ||
| 020 | _a812371596X | ||
| 040 | _cMAIN | ||
| 041 | _aeng | ||
| 082 | _a117 | ||
| 100 |
_aKumar, Arvind, _eAuthor. |
||
| 245 |
_aChaos, fractals and self-organisation : _bnew perspectives on complexity in nature / _cBy Arvind Kumar . |
||
| 250 | _a1st ed./rep. | ||
| 260 |
_aNew Delhi: _bNBT, _c2002. |
||
| 300 | _a186p. | ||
| 653 | _aStructure | ||
| 942 | _cBK | ||
| 999 |
_c8986 _d8986 |
||